Detalles MARC
| 000 -LÍDER |
| Campo fijo de descripción fija |
01698nam a2200337 i 4500 |
| 001 - NÚMERO DE CONTROL |
| Campo de control |
768714001 |
| 003 - IDENTIFICADOR DEL NÚMERO DE CONTROL |
| Campo de control |
CO-MdFUSB |
| 005 - FECHA Y HORA DE LA ULTIMA TRANSACCIÓN |
| control field |
20241010104416.0 |
| 007 - CAMPO FIJO DE DESCRIPCIÓN FIJA--INFORMACIÓN GENERAL |
| Campo fijo de descripción fija |
ta |
| 008 - ELEMENTOS DE LONGITUD FIJA -- INFORMACIÓN GENERAL |
| Campo fijo de descripción fija -- Información general |
210928t1992 ec |||| |||| 00| 0 spa d |
| 020 ## - NÚMERO INTERNACIONAL NORMALIZADO PARA LIBROS |
| Número Internacional Normalizado del libro |
[No incluye ISBN] |
| 040 ## - FUENTE DE CATALOGACIÓN |
| Agencia de catalogación original |
CO-MdFUSB |
| Idioma de catalogación |
spa |
| Agencia que realiza la transcripción |
CO-MdFUSB |
| Agencia que realiza la modificación |
CO-MdFUSBC |
| Convenciones de la descripción |
rda |
| 041 ## - CÓDIGO DE IDIOMA |
| Código de idioma para texto/pista de sonido o título separado |
spa |
| 082 ## - NÚMERO DE CLASIFICACIÓN DECIMAL DEWEY |
| Número de la edición del Dewey |
23 |
| Número de clasificación |
986.100498 |
| Clave de autor-Numero de item |
T126 |
| 100 ## - ASIENTO PRINCIPAL--NOMBRE PERSONAL |
| Nombre personal |
Tagliani, Lino, |
| Término relacionador |
autor |
| 110 ## - ASIENTO PRINCIPAL--NOMBRE CORPORATIVO |
| Nombre corporativo o de jurisdicción como elemento de entrada |
Centro de Investigaciones Culturales de la Amazonía Ecuatoriana |
| 245 ## - TÍTULO |
| Título del Material |
Mitología y cultura huitoto |
| Mención de responsabilidad, etc. |
/ Lino Tagliani |
| 264 #0 - PRODUCCIÓN, PUBLICACIÓN, DISTRIBUCIÓN, MANUFACTURA, Y COPYRIGHT |
| Lugar de producción, publicación, distribución, manufactura |
Quito, Ecuador : |
| Nombre del productor, publicador, distribuidor |
Ediciones ABYA-YALA, |
| Fecha de producción, publicación, distribución, manufactura, o copyright |
[1992] |
| 300 ## - DESCRIPCIÓN FÍSICA |
| Extensión |
235 páginas |
| Dimensiones |
; 22 cm |
| 336 ## - TIPO DE CONTENIDO |
| Fuente |
rdacontent |
| Término de tipo de contenido |
texto |
| Código de tipo de contenido |
txt |
| 337 ## - TIPO DE MEDIO |
| Fuente |
rdamedia |
| Nombre del tipo de medio |
sin mediación |
| Código del tipo de medio |
n |
| 338 ## - TIPO DE SOPORTE |
| Fuente |
rdacarrier |
| Nombre del tipo de soporte |
volumen |
| Código Tipo de soporte |
nc |
| 490 ## - MENCIÓN DE SERIE |
| Mención de serie |
Colección 500 años |
| 504 ## - NOTA DE BIBLIOGRAFÍA, ETC. |
| Nota de bibliografía, etc |
Incluye bibliografía |
| 505 ## - NOTA DE CONTENIDO |
| Título |
Primera parte. La Maloca: El vientre del universo: |
| Nota de contenido con formato preestablecido |
Los Huitoto: etnia y medio ambiente. -- La Maloca: construcción. -- La Maloca: Simbolismo. -- La Maloca: hombre y sociedad. -- La Maloca: hombre y naturaleza. -- La Maloca como una unidad económica. -- La Maloca como centro ceremonial. -- La Maloca: jefe tradicional, palabra mítica y poder. |
| 505 ## - NOTA DE CONTENIDO |
| Título |
Segunda parte. Historia del sol: |
| Nota de contenido con formato preestablecido |
Jítoma, el libertador. -- Cuento de la culebra y la iguana. -- Mekana Comuya (mito de los animales). -- Aparición del hombre Monicha Amena. -- El "primer sabio", su hija y el árbol más grande del mundo. -- Los Huitoto y su mundo cosmogónico. -- El oso hormiguero y los tigres. -- Mitos, leyendas y creencias en los Huitotos. |
| 563 ## - NOTA DE ENCUADERNACIÓN |
| Nota de encuadernación |
Rústico |
| 653 ## - TÉRMINO DE INDIZACIÓN - NO CONTROLADO |
| Término no controlado |
Indios Witoto - Vida social y costumbres. |
| 942 ## - TIPO DE MATERIAL (KOHA) |
| Tipo de Item KOHA |
Libros General |
| 945 ## - INFORMACIÓN LOCAL DEL REGISTRO |
| Catalogador |
JTF-925 |